| 000 | 00947nam a2200229 i 4500 | ||
|---|---|---|---|
| 001 | 123571 | ||
| 003 | ES-MaACL | ||
| 005 | 20250801201859.0 | ||
| 007 | t| | ||
| 008 | 070214m19631969sp |||| | spa d | ||
| 100 | 1 |
_aRahner, Karl, _d1904-1984 _995012 |
|
| 245 | 1 | 0 |
_aEscritos de teología / _cKarl Rahner ; versión bajo la supervisión de Jesús Aguirre ; cuidó la edición Florentino Pérez. |
| 260 |
_aMadrid : _bTaurus, _c1963-1969. |
||
| 300 |
_a6 v. ; _c22 cm. |
||
| 505 | 8 | _aI: Dios. Cristo. María. Gracia - II: Iglesia. Hombre - III: Vida espiritual. Sacramentos - IV: Escritos recientes - VI: Escritos del tiempo conciliar - VII: Teología de vida espiritual | |
| 650 | 0 | 7 |
_aTeología _2embne _917457 |
| 700 | 1 |
_aAguirre, Jesús, _cDuque de Alba. _9125561 |
|
| 700 | 1 |
_aPérez-Embid, Florentino, _d1918-1974 _990840 |
|
| 852 |
_aES-MaACL _jP-1028 |
||
| 852 |
_aES-MaACL _jP-404-Ter _z(v. 1) |
||
| 999 |
_c123571 _d123571 |
||